[Event "18.Città di Padova Open A"]
[Site "Padova"]
[Date "2015.12.17"]
[Round "6.11"]
[White "Massironi, Marco"]
[Black "Swayams, Mishra"]
[Result "0-1"]
[WhiteElo "2242"]
[BlackElo "2477"]
[Annotator "Gabriele Ballarin"]
[PlyCount "162"]
[EventDate "2015.12.13"]
[EventType "swiss"]
[EventRounds "9"]
[EventCountry "ITA"]
[SourceTitle "The Week in Chess 1102"]
[Source "Mark Crowther"]
[SourceDate "2015.12.21"]
[SourceVersion "1"]
[SourceVersionDate "2015.12.21"]
[SourceQuality "2"]

1. e4 e6 2. d4 d5 3. Nc3 Nf6 4. e5 Nfd7 5. f4 c5 6. Nf3 Nc6 7. Be3 Be7 8. Bd3 Qb6 9. a3 c4 10. Be2 Qxb2 11. Ra2 Qb6 12. O-O f5 13. h4 O-O 14. Ng5 Nd8 15. Bf3 Qa5 16. Bd2 Qa6 17. g4 h6 18. gxf5 hxg5 19. Nxd5 exd5 20. Bxd5+ Nf7 21. e6 g4 22. exf7+ Kh8 23. Re1 Nf6 24. Be6 Qd6 25. Bb4 Qc7 26. Bxe7 Qxe7 27. Bxc8 Qc7 28. Be6 Qxf4 29. c3 Qg3+ 30. Rg2 Qxc3 31. Qd2 Qxa3 32. h5 Qd3 33. Qf4 Rad8 34. Rd2 Qf3 35. Qxf3 gxf3 36. Kf2 c3 37. Rc2 Rxd4 38. Kxf3 Nh7 39. Rxc3 Ng5+ 40. Kg2 Nxf7 41. Rc7 Ng5 42. Rxb7 Rg4+ 43. Kf2 Nxe6 44. Rxe6 Rxf5+ 45. Ke3 Rg3+ 46. Ke4 Rxh5 47. Rxa7 Rh4+ 48. Kf5 Kh7 49. Ree7 Rh1 50. Kf4 Rg6 51. Kf3 Rf1+ 52. Ke2 Rf5 53. Re3 Rg2+ 54. Ke1 Kg6 55. Raa3 Rgf2 56. Rg3+ Kh7 57. Rh3+ Kg8 58. Ra8+ Rf8 59. Raa3 R2f6 60. Rae3 Rf1+ 61. Ke2 R8f2+ 62. Kd3 Kf7 63. Reg3 Kf6 64. Ke3 Rf5 65. Ke2 R1f4 66. Re3 Rf2+ 67. Ke1 Rf1+ 68. Ke2 R5f2+ 69. Kd3 Rf5 70. Ke2 R1f4 71. Rhg3 Rf2+ 72. Ke1 Rf1+ 73. Ke2 R5f2+ 74. Kd3 g6 75. Rh3 Kf5 76. Reg3 Ra1 77. Ke3 Rb2 78. Kd3 Ra3+ 79. Kd4 Rd2+ 80. Kc4 Rxg3 81. Rxg3 g5 0-1

[Event "18.Città di Padova Open A"]
[Site "Padova"]
[Date "2015.12.17"]
[Round "6.12"]
[White "Manca, Federico"]
[Black "Lanzani, Mario"]
[Result "1/2-1/2"]
[WhiteElo "2409"]
[BlackElo "2308"]
[Annotator "Gabriele Ballarin"]
[PlyCount "30"]
[EventDate "2015.12.13"]
[EventType "swiss"]
[EventRounds "9"]
[EventCountry "ITA"]
[SourceTitle "The Week in Chess 1102"]
[Source "Mark Crowther"]
[SourceDate "2015.12.21"]
[SourceVersion "1"]
[SourceVersionDate "2015.12.21"]
[SourceQuality "2"]

1. e4 e6 2. d4 d5 3. Nc3 Bb4 4. e5 c5 5. a3 Bxc3+ 6. bxc3 Ne7 7. Nf3 b6 8. a4 Ba6 9. Bb5+ Bxb5 10. axb5 Qd7 11. Rb1 c4 12. Ba3 a6 13. O-O axb5 14. Bxe7 Qxe7 15. Rxb5 Nd7 1/2-1/2

[Event "18.Città di Padova Open A"]
[Site "Padova"]
[Date "2015.12.17"]
[Round "6.13"]
[White "Codenotti, Marco"]
[Black "Rossi, Carlo"]
[Result "1/2-1/2"]
[WhiteElo "2405"]
[BlackElo "2284"]
[Annotator "Gabriele Ballarin"]
[PlyCount "92"]
[EventDate "2015.12.13"]
[EventType "swiss"]
[EventRounds "9"]
[EventCountry "ITA"]

1. e4 e6 2. d4 d5 {=} 3. Nd2 Nf6 4. e5 Nfd7 5. Bd3 c5 6. c3 b6 7. Ngf3 Ba6 8. Bxa6 Nxa6 9. O-O Be7 10. Ne1 cxd4 11. cxd4 Nb4 12. Qg4 g6 13. Ndf3 h5 14. Qg3 Rc8 15. Bg5 Rc4 16. Bxe7 Qxe7 17. Qf4 Kf8 18. a3 Nc6 19. b3 Rc3 20. Qd2 Rxb3 21. Qc2 Na5 22. Nd2 Rb5 23. Nd3 Nc4 24. Nxc4 dxc4 25. Qxc4 Ra5 26. Nb4 Kg7 27. Qc7 Qe8 28. Rfe1 Qc8 29. Qd6 Nb8 30. d5 Re8 31. dxe6 Rxe6 32. Qd4 Nc6 33. Nxc6 {=} Qxc6 34. Rac1 Rc5 35. Rxc5 Qxc5 36. Qxc5 bxc5 37. f4 Ra6 38. Re3 Kf8 39. Rc3 Ra5 40. Kf2 Ke7 41. Ke3 Ke6 42. g3 Kf5 43. Kd3 Ra4 44. Rxc5 Rxa3+ 45. Ke2 Ra2+ 46. Kf3 Ra3+ {=} 1/2-1/2

[Event "18.Città di Padova Open A"]
[Site "Padova"]
[Date "2015.12.17"]
[Round "6.14"]
[White "Aghayev, Miragha"]
[Black "Santagati, Alessandro"]
[Result "0-1"]
[WhiteElo "2367"]
[BlackElo "2262"]
[Annotator "Gabriele Ballarin"]
[PlyCount "78"]
[EventDate "2015.12.13"]
[EventType "swiss"]
[EventRounds "9"]
[EventCountry "ITA"]

1. e4 c5 2. Nf3 e6 3. d4 cxd4 4. Nxd4 Nf6 5. Nc3 Nc6 6. Ndb5 Bb4 7. a3 Bxc3+ 8. Nxc3 d5 9. exd5 exd5 10. Bd3 O-O 11. O-O d4 12. Ne2 Bg4 13. Re1 Re8 14. Bg5 Qd6 15. f3 Bh5 16. Nf4 Bg6 17. Nxg6 hxg6 18. Qd2 Ne5 19. Bb5 Rec8 20. Bf4 Rc5 21. c4 Nh5 22. b4 Rxb5 23. cxb5 Nxf3+ 24. gxf3 Nxf4 25. Re4 g5 26. Kh1 d3 27. Qe3 Rd8 28. Rd1 Qd7 29. Qxa7 d2 30. Kg1 Qxb5 31. Qe3 Rd3 32. Re8+ Kh7 33. Qe4+ f5 34. Qe5 Qb6+ 35. Kh1 Rd5 36. Qe3 Qc6 37. b5 Qc2 38. Qg1 Nh3 39. Qf1 Qxd1 0-1

[Event "18.Città di Padova Open A"]
[Site "Padova"]
[Date "2015.12.17"]
[Round "6.15"]
[White "Vovk, Yuri"]
[Black "Sorbera, Giovanni"]
[Result "1-0"]
[WhiteElo "2626"]
[BlackElo "2191"]
[Annotator "Gabriele Ballarin"]
[PlyCount "57"]
[EventDate "2015.12.13"]
[EventType "swiss"]
[EventRounds "9"]
[EventCountry "ITA"]

1. e4 e5 2. Nf3 Nc6 3. Bb5 Nf6 4. d3 d6 5. c3 g6 6. O-O Bg7 7. Re1 O-O 8. Nbd2 a6 9. Ba4 Nh5 10. Nf1 b5 11. Bc2 Bb7 12. Ng3 Nxg3 13. hxg3 d5 14. Bg5 Qd7 15. exd5 Qxd5 16. d4 exd4 17. Be4 Qd7 18. Nxd4 Na5 19. Bxb7 Nxb7 20. Qf3 Na5 21. Rad1 Qc8 22. b4 c5 23. bxc5 Qxc5 24. Be7 Qc4 25. Bb4 Qc7 26. Re7 Qb6 27. Ne6 Nc6 28. Nxf8 Rxf8 29. Rd6 1-0

[Event "18.Città di Padova Open A"]
[Site "Padova"]
[Date "2015.12.17"]
[Round "6.16"]
[White "Zelcic, Robert"]
[Black "Pescatore, Lorenzo"]
[Result "1/2-1/2"]
[WhiteElo "2520"]
[BlackElo "2243"]
[Annotator "Gabriele Ballarin"]
[PlyCount "144"]
[EventDate "2015.12.13"]
[EventType "swiss"]
[EventRounds "9"]
[EventCountry "ITA"]

1. e4 c5 2. Nf3 Nc6 3. Bb5 d6 4. d4 cxd4 5. Qxd4 Bd7 6. Bxc6 Bxc6 7. Nc3 Nf6 8. Bg5 e6 9. Qd3 Be7 10. Nd4 Qa5 11. Bd2 Qc7 12. O-O O-O 13. Rae1 a6 14. f4 b5 15. Kh1 Rac8 16. e5 Nd7 17. Qg3 Kh8 18. Nd1 Ba8 19. c3 g5 20. f5 dxe5 21. fxe6 fxe6 22. Rxf8+ Nxf8 23. Nf3 e4 24. Qxc7 Rxc7 25. Nxg5 Rd7 26. Bc1 Bxg5 27. Bxg5 Ng6 28. Nf2 e3 29. Ng4 Rd2 30. Nxe3 Rxb2 31. Bh6 Be4 32. Kg1 Rb1 33. Rxb1 Bxb1 34. a3 Ne5 35. Kf2 Bd3 36. Bf4 Nc4 37. Nxc4 Bxc4 38. Bc7 Kg7 39. Ke3 Kf6 40. Kd4 Ke7 41. Kc5 Kd7 42. Bf4 Bf1 43. g4 a5 44. a4 bxa4 45. Bc1 Bg2 46. g5 e5 47. Kb5 Bc6+ 48. Kxa5 Ke6 49. c4 Kf5 50. Kb6 Be8 51. c5 e4 52. c6 Kg4 53. c7 Bd7 54. Kc5 Kf3 55. Kd4 Bh3 56. Kc4 e3 57. Kb4 e2 58. Bd2 Kf2 59. Kxa4 e1=Q 60. Bxe1+ Kxe1 61. Kb5 Kf2 62. Kc6 Kf3 63. Kb7 Kf4 64. g6 hxg6 65. c8=Q Bxc8+ 66. Kxc8 g5 67. Kd7 g4 68. Ke6 Kg5 69. Ke5 Kh4 70. Kf4 Kh3 71. Kg5 g3 72. hxg3 Kxg3 1/2-1/2

[Event "18.Città di Padova Open A"]
[Site "Padova"]
[Date "2015.12.17"]
[Round "6.17"]
[White "Naumkin, Igor"]
[Black "Ljubisavljevic, Zivojin Z"]
[Result "1/2-1/2"]
[WhiteElo "2446"]
[BlackElo "2183"]
[Annotator "Gabriele Ballarin"]
[PlyCount "68"]
[EventDate "2015.12.13"]
[EventType "swiss"]
[EventRounds "9"]
[EventCountry "ITA"]

1. d4 Nf6 2. c4 g6 3. Nc3 d5 4. cxd5 Nxd5 5. e4 Nxc3 6. bxc3 Bg7 7. Bc4 O-O 8. Ne2 c5 9. O-O cxd4 10. cxd4 Nc6 11. Be3 b6 12. Qd2 Bb7 13. Rad1 Rc8 14. Bh6 Na5 15. Bd3 Nc4 16. Bxc4 Rxc4 17. Bxg7 Kxg7 18. e5 Qc7 19. Qg5 h6 20. Qg3 e6 21. h4 Kh7 22. Rfe1 Qe7 23. Nf4 Rfc8 24. Kh2 Rc3 25. f3 R3c4 26. Nh3 Rc2 27. Nf2 R8c3 28. Rf1 Rxa2 29. Ng4 Rcc2 30. Rg1 Rc3 31. Nf6+ Kg7 32. Rgf1 Rcc2 33. Rg1 Rc3 34. Rgf1 Rcc2 1/2-1/2

[Event "18.Città di Padova Open A"]
[Site "Padova"]
[Date "2015.12.17"]
[Round "6.19"]
[White "De Santis, Alessio"]
[Black "Pozzobon, Davide"]
[Result "1-0"]
[WhiteElo "2330"]
[BlackElo "2037"]
[Annotator "Gabriele Ballarin"]
[PlyCount "151"]
[EventDate "2015.12.13"]
[EventType "swiss"]
[EventRounds "9"]
[EventCountry "ITA"]

1. b3 e5 2. Bb2 Nc6 3. c4 Nf6 4. e3 g6 5. a3 Bg7 6. b4 d6 7. Be2 a6 8. h4 Qe7 9. Nc3 Be6 10. Nf3 O-O 11. Ng5 e4 12. Qc2 Bf5 13. g4 Nxg4 14. Nd5 Qd8 15. Bxg7 Kxg7 16. Bxg4 Bxg4 17. Qxe4 Bf5 18. Qf4 Ne5 19. Qd4 f6 20. f4 h6 21. fxe5 fxe5 22. Qc3 hxg5 23. hxg5 Be4 24. Rg1 Bxd5 25. cxd5 Rc8 26. e4 Qd7 27. Ke2 Rf4 28. Qe3 Rh8 29. Rac1 Rh3 30. Rg3 Rxg3 31. Qxg3 Rxe4+ 32. Kd3 Rg4 33. Qe3 Qf5+ 34. Kc3 Re4 35. Qa7 Qc8 36. Qf2 Qf5 37. Qa7 Qf4 38. Kb3 Qf7 39. Qxb7 c5 40. Qxf7+ Kxf7 41. bxc5 dxc5 42. Rxc5 Rd4 43. Rc7+ Kf8 44. Rc6 Kf7 45. Rf6+ Kg7 46. Rxa6 Rxd5 47. Re6 e4 48. Re7+ Kf8 49. Rxe4 Rxg5 50. a4 Kf7 51. Kb4 Rg1 52. a5 g5 53. Kb5 g4 54. a6 g3 55. a7 Ra1 56. Kb6 g2 57. Rg4 Rb1+ 58. Kc6 Ra1 59. Rxg2 Rxa7 60. Re2 Ra6+ 61. Kc5 Ra5+ 62. Kb4 Rd5 63. Kc4 Rd8 64. d4 Rc8+ 65. Kb5 Rb8+ 66. Kc6 Ra8 67. d5 Ra6+ 68. Kb5 Rf6 69. Kc5 Rf1 70. d6 Rc1+ 71. Kb6 Rb1+ 72. Kc7 Rc1+ 73. Kd8 Ra1 74. d7 Ra8+ 75. Kc7 Ra7+ 76. Kc8 1-0

[Event "18.Città di Padova Open A"]
[Site "Padova"]
[Date "2015.12.17"]
[Round "6.20"]
[White "Dragojlovic, Andjelko"]
[Black "Santolini, Luigi"]
[Result "1-0"]
[WhiteElo "2309"]
[BlackElo "2156"]
[Annotator "Gabriele Ballarin"]
[PlyCount "109"]
[EventDate "2015.12.13"]
[EventType "swiss"]
[EventRounds "9"]
[EventCountry "ITA"]

1. e4 e6 2. d4 d5 3. Nc3 Nf6 4. Bg5 Bb4 5. exd5 Qxd5 6. Bxf6 gxf6 7. a3 Bxc3+ 8. bxc3 b6 9. Be2 Qa5 10. Qd2 Bb7 11. Bf3 Bxf3 12. Nxf3 Nc6 13. O-O O-O-O 14. Rfe1 Qa4 15. Qf4 Qxc2 16. Qxf6 Qg6 17. Qf4 Rhg8 18. g3 Qh5 19. Ne5 Nxe5 20. Rxe5 Qg6 21. a4 a5 22. Rc1 Rd5 23. Rxd5 exd5 24. Re1 Rd8 25. h4 Rd7 26. Re8+ Kb7 27. Kg2 Qc6 28. Qf5 Qxa4 29. Qxh7 Qc6 30. h5 a4 31. Qf5 a3 32. h6 a2 33. h7 a1=Q 34. h8=Q Qa7 35. Re7 $2 (35. Qg4 $1) 35... Qaa4 36. Rxf7 Rxf7 37. Qhc8+ Ka7 38. Qxf7 Qac4 39. Qfe6 (39. Qfg8) 39... Qxe6 (39... Qxc3) 40. Qxe6 Qxc3 41. Qxd5 b5 $2 (41... Qa5) 42. Qxb5 Qxd4 43. Qc6 $1 Qe5 44. g4 Kb8 45. f3 Kc8 46. Qe4 Qd6 47. f4 c5 48. g5 Kd8 49. Kg3 Qb6 50. g6 Qf6 51. Qd5+ Kc8 52. Qxc5+ Kb7 53. Qb5+ Ka7 54. Qd7+ Ka6 55. g7 1-0

[Event "18.Città di Padova Open A"]
[Site "Padova"]
[Date "2015.12.17"]
[Round "6.21"]
[White "Varvaglione, Antonio"]
[Black "Cocchi, Andrea"]
[Result "0-1"]
[WhiteElo "2247"]
[BlackElo "2251"]
[Annotator "Gabriele Ballarin"]
[PlyCount "68"]
[EventDate "2015.12.13"]
[EventType "swiss"]
[EventRounds "9"]
[EventCountry "ITA"]

1. e4 e6 2. d4 b6 3. Nf3 Bb7 4. Bd3 c5 5. c3 Nf6 6. Nbd2 Nc6 7. a3 d6 8. O-O Be7 9. Qe2 cxd4 10. cxd4 e5 11. d5 Nb8 12. b4 O-O 13. Nc4 Re8 14. b5 Nbd7 15. a4 Nc5 16. Bc2 a6 17. Be3 axb5 18. axb5 Qc7 19. Nfd2 Nfd7 20. Rfc1 f5 21. f3 Reb8 22. Nb3 fxe4 23. fxe4 Bc8 24. Nb2 Rxa1 25. Nxa1 Nf6 26. Qc4 Bd7 27. Nd3 Ng4 28. Bd2 Qd8 29. Nb4 Bg5 30. Nc6 Qf6 31. Qe2 Qh6 32. h3 Bxd2 33. Nxb8 Qf4 34. hxg4 Be3+ 0-1

[Event "18.Città di Padova Open A"]
[Site "Padova"]
[Date "2015.12.17"]
[Round "6.22"]
[White "Movileanu, Daniela"]
[Black "Bergamasco, Tommaso"]
[Result "1-0"]
[WhiteElo "2195"]
[BlackElo "2054"]
[Annotator "Gabriele Ballarin"]
[PlyCount "107"]
[EventDate "2015.12.13"]
[EventType "swiss"]
[EventRounds "9"]
[EventCountry "ITA"]

1. e4 d6 2. d4 Nf6 3. Nc3 Nbd7 4. Nf3 e5 5. Bc4 Be7 6. O-O O-O 7. Re1 c6 8. a4 b6 9. h3 Bb7 10. Ba2 a6 11. Be3 b5 12. axb5 axb5 13. b4 Qc7 14. Qd3 exd4 15. Nxd4 Ne5 16. Qe2 Rfe8 17. f4 Ng6 18. Nf5 Bf8 19. Qd3 Rad8 20. Bb3 d5 21. e5 Ne4 22. Nxe4 dxe4 23. Qc3 Qc8 24. Ng3 Ne7 25. Nxe4 Nd5 26. Bxd5 cxd5 27. Nc5 d4 28. Bxd4 Qc6 29. Re2 Ba8 30. Qe3 Bxc5 31. Bxc5 Re6 32. f5 Rh6 33. Qg3 Qd7 34. Qg4 Qd5 35. Kh2 Bb7 36. Rae1 Re8 37. c3 Bc8 38. Qf4 Rh5 39. g4 Rh4 40. Qe4 Qd7 41. e6 fxe6 42. fxe6 Qc7+ 43. Qe5 Qc6 44. Qg3 Rh6 45. e7 Rg6 46. Rf2 h5 47. Rf8+ Kh7 48. Rxe8 Qxe8 49. g5 Bb7 50. h4 Ra6 51. Qf2 Bc8 52. Bd4 Be6 53. Qf8 Ra2+ 54. Kg1 1-0

[Event "18.Città di Padova Open A"]
[Site "Padova"]
[Date "2015.12.17"]
[Round "6.23"]
[White "Kakumanu, Kunal"]
[Black "Santeramo, Alessia Carmen"]
[Result "0-1"]
[WhiteElo "1918"]
[BlackElo "2133"]
[Annotator "Gabriele Ballarin"]
[PlyCount "96"]
[EventDate "2015.12.13"]
[EventType "swiss"]
[EventRounds "9"]
[EventCountry "ITA"]

1. e4 e5 2. Nf3 Nc6 3. Bb5 a6 4. Ba4 Nf6 5. d3 d6 6. O-O Be7 7. c3 O-O 8. Re1 b5 9. Bc2 Re8 10. d4 exd4 11. cxd4 Bg4 12. Be3 Bf8 13. Nbd2 Nb4 14. Bb1 c5 15. a3 Nc6 16. dxc5 dxc5 17. Qc2 Nd7 18. Ba2 Rc8 19. Rac1 c4 20. Qc3 Nde5 21. Nxe5 Nxe5 22. Bb1 a5 23. Bd4 Nc6 24. Be3 Be6 25. Rcd1 Qc7 26. Qc1 Ne5 27. Nf3 Nxf3+ 28. gxf3 b4 29. axb4 axb4 30. Bd4 c3 31. bxc3 bxc3 32. Bc2 Ra8 33. Rd3 Ra3 34. Kh1 Rea8 35. Rg1 g6 36. f4 Bh6 37. e5 Qc6+ 38. f3 Bc4 39. Re3 Bxf4 40. Be4 Bd5 41. Rxc3 Bxc1 42. Rxc6 Bxc6 43. Bxc6 Rc8 44. Rxc1 Ra6 45. Be3 Raxc6 46. Rf1 Rc2 47. Bf4 R8c4 48. Bh6 Rh4 0-1

[Event "18.Città di Padova Open A"]
[Site "Padova"]
[Date "2015.12.17"]
[Round "6.24"]
[White "Di Chiara, Mauro"]
[Black "Lantini, Marco"]
[Result "0-1"]
[WhiteElo "1933"]
[BlackElo "2083"]
[Annotator "Gabriele Ballarin"]
[PlyCount "130"]
[EventDate "2015.12.13"]
[EventType "swiss"]
[EventRounds "9"]
[EventCountry "ITA"]

1. Nf3 d5 2. c4 d4 3. b4 Bg4 4. Bb2 Bxf3 5. gxf3 e5 6. a3 a5 7. b5 Nd7 8. d3 g6 9. f4 Qe7 10. Bg2 Nc5 11. O-O O-O-O 12. fxe5 Qxe5 13. Nd2 Bd6 14. Nf3 Qh5 15. h3 Ne6 16. e3 Bc5 17. Qe1 Nh6 18. Qxa5 Kb8 19. Nxd4 Bxd4 20. Bxd4 Rxd4 21. exd4 Nf4 22. Kh1 Nxh3 23. f3 Nf4+ 24. Kg1 Qg5 25. Ra2 Nf5 26. Qe1 Ne3 27. Rff2 Nxd3 28. f4 Qxg2+ 29. Rxg2 Nxe1 30. Rge2 N1c2 31. Raxc2 Nxc2 32. Rxc2 Re8 33. d5 Re4 34. f5 Rg4+ 35. Kh1 Rf4 36. fxg6 hxg6 37. Kg2 Ka7 38. a4 Rd4 39. a5 Rd3 40. Kf2 Ra3 41. Re2 Rc3 42. Re7 Rxc4 43. Rxf7 Rc5 44. Ke3 Rxd5 45. a6 Rxb5 46. Rxc7 Kxa6 47. Rg7 Rb6 48. Kd4 Rf6 49. Kc5 Rf5+ 50. Kb4 Rg5 51. Rg8 Kb6 52. Rc8 Rg1 53. Rg8 Kc6 54. Kc4 Rg4+ 55. Kb3 Kb5 56. Rg7 Rg3+ 57. Kb2 b6 58. Rg8 Kb4 59. Rb8 Rg2+ 60. Kb1 b5 61. Rb7 g5 62. Rb8 g4 63. Rb7 g3 64. Rb8 Rh2 65. Rg8 g2 0-1

[Event "18.Città di Padova Open A"]
[Site "Padova"]
[Date "2015.12.17"]
[Round "6.25"]
[White "Redo, Giorgio"]
[Black "Desideri, Leonardo"]
[Result "1-0"]
[WhiteElo "2055"]
[BlackElo "1770"]
[Annotator "Gabriele Ballarin"]
[PlyCount "119"]
[EventDate "2015.12.13"]
[EventType "swiss"]
[EventRounds "9"]
[EventCountry "ITA"]

1. f4 e5 2. fxe5 d6 3. Nf3 dxe5 4. e4 Nc6 5. Bb5 Bc5 6. Bxc6+ bxc6 7. d3 Nf6 8. Bg5 Qd6 9. Bxf6 Qxf6 10. Nbd2 O-O 11. Qe2 a5 12. a4 Ba6 13. Rf1 Qe7 14. g4 Rab8 15. b3 Rfd8 16. Nc4 Bxc4 17. dxc4 Rd7 18. Rd1 Rbd8 19. Rd3 Ba7 20. Nd2 Qa3 21. Qf3 Qe7 22. Ke2 Rxd3 23. cxd3 Bd4 24. g5 Rb8 25. h4 Bc3 26. Rb1 Bxd2 27. Kxd2 Qa3 28. Kc2 Qa2+ 29. Rb2 Qa1 30. Qd1 Qxd1+ 31. Kxd1 Kf8 32. c5 Rb4 33. Kc2 Ke7 34. Kc3 Ke6 35. Rf2 Rd4 36. h5 h6 37. Rg2 hxg5 38. Rxg5 Kf6 39. Rf5+ Ke6 40. Rf2 Rb4 41. h6 g6 42. Rh2 Rb8 43. b4 axb4+ 44. Kb3 f5 45. exf5+ gxf5 46. a5 Kd5 47. h7 Rh8 48. Kxb4 Kd4 49. Rh3 e4 50. dxe4 fxe4 51. Kb3 e3 52. Kc2 e2 53. Kd2 e1=Q+ 54. Kxe1 Kxc5 55. Rh5+ Kd4 56. a6 Kd3 57. a7 Ke3 58. a8=Q Rxa8 59. h8=Q Rxh8 60. Rxh8 1-0

[Event "18.Città di Padova Open A"]
[Site "Padova"]
[Date "2015.12.17"]
[Round "6.26"]
[White "Gregori, Giacomo"]
[Black "Messina, Roberta"]
[Result "0-1"]
[WhiteElo "2113"]
[BlackElo "2039"]
[Annotator "Gabriele Ballarin"]
[PlyCount "80"]
[EventDate "2015.12.13"]
[EventType "swiss"]
[EventRounds "9"]
[EventCountry "ITA"]

1. Nf3 d5 2. g3 e6 3. Bg2 Nf6 4. d3 c5 5. Nbd2 Nc6 6. e4 g6 7. O-O Bg7 8. Re1 O-O 9. c3 a5 10. a4 b6 11. exd5 exd5 12. Nb3 Ra7 13. d4 c4 14. Nbd2 Re7 15. Ne5 Nxe5 16. dxe5 Rfe8 17. Nf3 Ne4 18. Nd4 Rxe5 19. Be3 Bb7 20. Nb5 Nc5 21. Qc2 Nd3 22. Red1 Bc8 23. Rxd3 cxd3 24. Qxd3 Bf5 25. Qd2 Be4 26. Bf1 h5 27. Bf4 Qf6 28. Nd4 h4 29. Bxe5 Rxe5 30. Bg2 hxg3 31. hxg3 Rh5 32. f3 Qd6 33. Ne2 Bh6 34. Qd4 Bf5 35. g4 Rh4 36. Qf2 Qe7 37. Kf1 Be3 38. Qg3 Bd3 39. Qe1 Rxg4 40. Qd1 Qh4 0-1

[Event "18.Città di Padova Open A"]
[Site "Padova"]
[Date "2015.12.17"]
[Round "6.27"]
[White "Loiacono, Antonio"]
[Black "Quaranta, Cristiano"]
[Result "1/2-1/2"]
[WhiteElo "2010"]
[BlackElo "2112"]
[Annotator "Gabriele Ballarin"]
[PlyCount "71"]
[EventDate "2015.12.13"]
[EventType "swiss"]
[EventRounds "9"]
[EventCountry "ITA"]

1. e4 c5 2. Nf3 e6 3. d4 cxd4 4. Nxd4 Nc6 5. Nc3 Qc7 6. Be2 Nf6 7. O-O a6 8. a4 Bb4 9. Nxc6 bxc6 10. Bd3 d5 11. Qf3 Bd6 12. h3 Bb7 13. Re1 O-O 14. Bg5 Nd7 15. Bf1 h6 16. Bd2 Ne5 17. Qd1 Ng6 18. g3 f5 19. exd5 e5 20. Bg2 e4 21. dxc6 Bxc6 22. Qh5 Be8 23. Qe2 Rb8 24. b3 Be5 25. Qc4+ Qxc4 26. bxc4 Rd8 27. Nd5 Bxa1 28. Rxa1 Bf7 29. Bb4 Rfe8 30. Bf1 Rb8 31. c3 Rb7 32. Ne3 Be6 33. c5 f4 34. Nc4 fxg3 35. fxg3 Bxc4 36. Bxc4+ 1/2-1/2

[Event "18.Città di Padova Open A"]
[Site "Padova"]
[Date "2015.12.17"]
[Round "6.28"]
[White "Loiacono, Leonardo"]
[Black "Vatkali, Dimitra"]
[Result "1/2-1/2"]
[WhiteElo "2052"]
[BlackElo "1983"]
[Annotator "Gabriele Ballarin"]
[PlyCount "177"]
[EventDate "2015.12.13"]
[EventType "swiss"]
[EventRounds "9"]
[EventCountry "ITA"]

1. e4 c6 2. d4 d5 3. Nc3 dxe4 4. Nxe4 Bf5 5. Ng3 Bg6 6. Nf3 Nd7 7. Bd3 Bxd3 8. Qxd3 Qc7 9. O-O Ngf6 10. Re1 e6 11. c3 Be7 12. Qc2 O-O 13. Nf5 Bd8 14. Ne3 c5 15. dxc5 Qxc5 16. b4 Qc7 17. Bb2 Be7 18. Qb3 b5 19. a4 a6 20. Nf5 Bd8 21. N5d4 e5 22. Nf5 Rb8 23. axb5 axb5 24. Rad1 e4 25. Nd2 Qf4 26. Ng3 Re8 27. Ndf1 Bb6 28. Ne3 Ne5 29. Bc1 Nd3 30. Qc2 Nxe1 31. Rxe1 Qc7 32. Nef5 Ng4 33. Re2 g6 34. Nh6+ Nxh6 35. Bxh6 f5 36. Nf1 Rbc8 37. Qd2 Red8 38. Qg5 Rd7 39. h4 Qd8 40. Qg3 Bc7 41. Qh3 Rd3 42. g3 Qe8 43. Ne3 Qe6 44. Re1 Ra8 45. Nc2 Rxc3 46. Nd4 Qd5 47. Ne2 Rc2 48. Be3 Be5 49. Qf1 Qd3 50. Nf4 Qxf1+ 51. Kxf1 Bxf4 52. Bxf4 Raa2 53. Be3 Rab2 54. Bc5 Rxc5 55. bxc5 Rc2 56. Ra1 Kg7 57. Ra7+ Kf6 58. Rc7 Ke5 59. Ke1 Rc4 60. Rxh7 Rxc5 61. Rh6 Kf6 62. h5 Kg5 63. Rxg6+ Kxh5 64. Rg8 Rc2 65. Rb8 Rb2 66. Rg8 b4 67. Rg7 b3 68. Rb7 Kg4 69. Rb5 Kg5 70. Rb6 Kh5 71. Kf1 Kg4 72. Rb5 Rb1+ 73. Ke2 Rb2+ 74. Kf1 e3 75. Rb4+ Kg5 76. fxe3 Rb1+ 77. Kg2 b2 78. Kh2 Kf6 79. Kg2 Ke6 80. e4 fxe4 81. Rxe4+ Kd5 82. Rb4 Kc5 83. Rb8 Kc4 84. g4 Kc3 85. Rc8+ Kd4 86. Rb8 Ke5 87. Rb4 Kf6 88. Rb5 Kg6 89. Kh2 {=} 1/2-1/2

[Event "18.Città di Padova Open A"]
[Site "Padova"]
[Date "2015.12.17"]
[Round "6.29"]
[White "Roberti, Ignazio"]
[Black "Gallo, Enrico"]
[Result "0-1"]
[WhiteElo "1890"]
[BlackElo "2044"]
[Annotator "Gabriele Ballarin"]
[PlyCount "60"]
[EventDate "2015.12.13"]
[EventType "swiss"]
[EventRounds "9"]
[EventCountry "ITA"]

1. Nf3 e6 2. b3 d5 3. Bb2 Nf6 4. e3 Be7 5. d4 O-O 6. Nbd2 b6 7. Be2 Bb7 8. c4 c5 9. Ne5 Nc6 10. cxd5 exd5 11. f4 Ne4 12. O-O cxd4 13. exd4 Nxe5 14. Nxe4 Ng6 15. Ng3 Bd6 16. f5 Nf4 17. Qd2 Qh4 18. Rf3 Rfe8 19. Bf1 Nh5 20. Qf2 Re4 21. Re1 Nf6 22. h3 Rxe1 23. Qxe1 Ne4 24. f6 Bxg3 25. Qe3 Re8 26. Bb5 Re6 27. Bd7 Rxf6 28. Ba3 Bf2+ 29. Rxf2 Qxf2+ 30. Qxf2 Rxf2 0-1

[Event "18.Città di Padova Open A"]
[Site "Padova"]
[Date "2015.12.17"]
[Round "6.30"]
[White "Casciello, Dimitri"]
[Black "Desideri, Alessandro"]
[Result "1/2-1/2"]
[WhiteElo "2040"]
[BlackElo "1904"]
[Annotator "Gabriele Ballarin"]
[PlyCount "80"]
[EventDate "2015.12.13"]
[EventType "swiss"]
[EventRounds "9"]
[EventCountry "ITA"]

1. e4 c5 2. Nf3 d6 3. Nc3 a6 4. d4 cxd4 5. Nxd4 Nf6 6. h3 Qc7 7. g4 h6 8. Bg2 e6 9. Be3 Nc6 10. Nde2 Ne5 11. b3 Bd7 12. f4 Ng6 13. O-O Nh4 14. Bh1 Be7 15. Qe1 g5 16. fxg5 hxg5 17. Qf2 Rh7 18. e5 dxe5 19. Bb6 Qc8 20. Qe3 Ng6 21. Rxf6 Bxf6 22. Be4 Rg7 23. Qf3 Bd8 24. Bxd8 Qxd8 25. Bxb7 Qb6+ 26. Kh2 Nh4 27. Qe4 Rb8 28. Ba8 Rc8 29. Rf1 Bc6 30. Qxe5 Bxa8 31. Qxg7 Qd6+ 32. Kg1 Nf3+ 33. Kf2 Qh2+ 34. Ke3 Qe5+ 35. Qxe5 Nxe5 36. a4 Ke7 37. Kf2 Ng6 38. Rd1 Rc7 39. Rd3 Rc5 40. Re3 Rc7 1/2-1/2

[Event "18.Città di Padova Open A"]
[Site "Padova"]
[Date "2015.12.17"]
[Round "6.31"]
[White "Kakumanu, Kautil"]
[Black "Iasman, Inna"]
[Result "1-0"]
[WhiteElo "1875"]
[BlackElo "1843"]
[Annotator "Gabriele Ballarin"]
[PlyCount "87"]
[EventDate "2015.12.13"]
[EventType "swiss"]
[EventRounds "9"]
[EventCountry "ITA"]

1. e4 c6 2. d4 d5 3. Nd2 dxe4 4. Nxe4 Bf5 5. Ng3 Bg6 6. h4 h6 7. Nf3 Nd7 8. h5 Bh7 9. Bd3 Bxd3 10. Qxd3 e6 11. Bd2 Qc7 12. O-O-O O-O-O 13. Ne4 Ngf6 14. g3 Nxe4 15. Qxe4 Nf6 16. Qe2 Bd6 17. c4 c5 18. Bc3 Kb8 19. d5 Rhe8 20. Bxf6 gxf6 21. Rhe1 Qe7 22. Rd3 Qd7 23. Qd2 Bf8 24. Qf4+ e5 25. Qh4 Bd6 26. Qxf6 e4 27. Rde3 exf3 28. Rxe8 Rxe8 29. Rxe8+ Qxe8 30. Qxd6+ Ka8 31. Qxc5 Qe1+ 32. Kc2 Qe2+ 33. Kc3 Qe1+ 34. Kb3 Qd1+ 35. Ka3 a6 36. d6 Qd3+ 37. b3 Qd2 38. Qd5 Qc1+ 39. Ka4 Ka7 40. Qc5+ Ka8 41. d7 b5+ 42. Ka5 Qd2+ 43. Kb6 Qxd7 44. Qf8+ $1 1-0

[Event "18.Città di Padova Open A"]
[Site "Padova"]
[Date "2015.12.18"]
[Round "7.1"]
[White "Valsecchi, Alessio"]
[Black "Zhigalko, Andrey"]
[Result "1/2-1/2"]
[WhiteElo "2466"]
[BlackElo "2585"]
[Annotator "Gabriele Ballarin"]
[PlyCount "50"]
[EventDate "2015.12.13"]
[EventType "swiss"]
[EventRounds "9"]
[EventCountry "ITA"]
[SourceTitle "The Week in Chess 1102"]
[Source "Mark Crowther"]
[SourceDate "2015.12.21"]
[SourceVersion "1"]
[SourceVersionDate "2015.12.21"]
[SourceQuality "2"]

1. d4 Nf6 2. c4 e6 3. Nc3 Bb4 4. e3 O-O 5. Bd3 d5 6. cxd5 exd5 7. Nge2 Re8 8. Bd2 Bd6 9. Rc1 a6 10. O-O b6 11. f3 Bb7 12. Qe1 c5 13. g4 Nc6 14. Qh4 g6 15. g5 Nh5 16. f4 Be7 17. Qf2 Ng7 18. f5 Bxg5 19. fxg6 fxg6 20. Qf7+ Kh8 21. Qxb7 Nb4 22. Rf7 Rb8 23. Qa7 Ra8 24. Qb7 Rb8 25. Qa7 Ra8 1/2-1/2